书目信息 |
| 题名: |
土工原理与计算
|
|
| 作者: | ;华东水利学院力学教研室 主编 | |
| 分册: | 下册 | |
| 出版信息: | 北京 水利出版社 1981 |
|
| 页数: | 292页 | |
| 开本: | 26cm | |
| 丛书名: | ||
| 单 册: | ||
| 中图分类: | TU4 | |
| 科图分类: | ||
| 主题词: | 土工学--计算 , 地基--基础(工程) | |
| 电子资源: | ||
| ISBN: | ||
| 000 | 00756nam0 2200241 45 | |
| 001 | 0180003830 | |
| 005 | 20060516112200.51 | |
| 010 | @dCNY1.90 | |
| 091 | @a15047.4118 | |
| 100 | @a19950526f1981 em y0chiy0121 ea | |
| 101 | 0 | @achi |
| 102 | @aCN@b110000 | |
| 105 | @ay z 000yy | |
| 200 | 10 | @a土工原理与计算@Atu gong yuan li yu ji suan@h下册@f华东水利学院力学教研室主编@Fhua dong shui li xue yuan li xue jiao yan shi zhu bian |
| 210 | @a北京@c水利出版社@d1981 | |
| 215 | @a292页@d26cm | |
| 606 | @a土工学@x计算 | |
| 606 | 0 | @a地基@x基础(工程) |
| 690 | @aTU4@v3 | |
| 711 | 02 | @a华东水利学院力学教研室@Ahua dong shui li xue yuan li xue jiao yan shi@4主编 |
| 801 | 0 | @aCN@bTSSF@c20060516 |
| 801 | 2 | @aCN@bNLC@c20060421 |
| 905 | @a10447@dTU4@e2:2 | |
| 土工原理与计算.下册/华东水利学院力学教研室主编.-北京:水利出版社,1981 |
| 292页;26cm |
| ISBN :CNY1.90 |
| ● |
| 相关链接 |
|
|
|
|
正题名:土工原理与计算
索取号:TU4/2:2
 
预约/预借
| 序号 | 登录号 | 条形码 | 馆藏地/架位号 | 状态 | 备注 |
| 1 | 0051069 | 001481505 | 密集书库/ [索取号:TU4/2:2] | 在馆 | |
| 2 | 0051070 | 001481514 | 密集书库/ [索取号:TU4/2:2] | 在馆 | |
| 3 | 0051071 | 202279809 | 密集书库/ [索取号:TU4/2:2] | 在馆 |